000 01216nam0a22002531 4500
001 rc\1088182
005 20041126173756.3
035 _a(NLR Aleph) 006335463
090 _a7589340
_c7589340
100 _a20041126d1983 u |0rusy50 ca
101 0 _arus
102 _aRU
105 _aa |||||||||
200 1 _aМатематическое моделирование в нелинейной электротехнике
_eСб. науч. тр.
_fАН УССР, Науч. совет по комплекс. прогр. "Теорет. электротехника, электрон. и моделирование", Ин-т пробл. моделирования в энергетике
_g[Редкол.: Г.В. Пухов (отв. ред.) и др.]
210 _aКиев
_cНаукова думка
_d1983
215 _a224 с.
_cил.
_d20
320 _aБиблиогр. в конце ст.
702 1 _aПухов
_bГ. Е.
_gГеоргий Евгеньевич
_4340
712 0 2 _aИнститут проблем моделирования в энергетике
_cКиев
_3RU\NLR\AUTH\8810028393
801 0 _aRU
_bNLR
_gpsbo
801 1 _aRU
_bELAR
_2rusmarc
852 _aNLR
_j84-3/8113
942 _cBOOK
980 _aNB